Visual basic.net : pengenalan kepada bahasa pengaturcaraan

Bibliographic Details
Main Author: JAMALLUDIN Harun
Other Authors: Zaidatun Tasir
Format: Book
Published: Kuala Lumpur : Venton Pub. , 2003
Subjects:

MARC

LEADER 00000cam a2200000 7i4500
001 0000003123
005 20040527.0
020 0 0 |a 9832661226 
090 0 0 |a 005.2768   |b JAM 2003 
100 0 0 |a JAMALLUDIN Harun 
245 1 0 |a Visual basic.net :   |b pengenalan kepada bahasa pengaturcaraan   |c Jamaludin Harun, Zaidatun Tasir 
260 0 0 |a Kuala Lumpur :   |b Venton Pub. ,   |c 2003 
300 |a xiii, 413 p. :   |b ill. ;   |c 26 cm. 
650 0 0 |a BASIC (Computer program language) 
650 0 0 |a Microsoft .NET 
650 0 0 |a Microsoft Visual BASIC 
700 0 1 |a Zaidatun Tasir 
998 |a JPSM 
999 |a 0000005528   |b Monograph   |c Open Shelf   |e Default branch